Loading...
| Science - Biology | 0 | 10 | 1 | 3 | 95 | 51 | 98.10 | 1 | 1 |
| Literature - European Literature | 0 | 9 | 3 | 1 | 75 | 88 | 125.00 | 0 | 1 |
| Literature - World Literature | 0 | 8 | 2 | 2 | 70 | 33 | 105.50 | 1 | 5 |
| Science - Chemistry | 0 | 5 | 2 | 2 | 40 | 71 | 103.00 | 0 | 1 |
| Literature - American Literature | 0 | 5 | 2 | 0 | 40 | 107 | 113.20 | 0 | 2 |
| Literature - British Literature | 0 | 6 | 4 | 1 | 40 | 82 | 115.33 | 0 | 1 |
| Painting & Sculpture | 0 | 4 | 0 | 0 | 40 | 61 | 82.25 | 0 | 1 |
| Fine Arts - Other Fine Arts | 0 | 3 | 1 | 2 | 25 | 51 | 109.00 | 1 | 1 |
| Philosophy | 0 | 2 | 0 | 1 | 20 | 125 | 129.00 | 0 | 0 |
| Social Science | 0 | 1 | 0 | 0 | 10 | 99 | 99.00 | 0 | 1 |
| History - American History | 0 | 1 | 0 | 0 | 10 | 97 | 97.00 | 0 | 0 |
| Mythology | 0 | 1 | 0 | 0 | 10 | 81 | 81.00 | 0 | 0 |
| Religion | 0 | 1 | 1 | 0 | 5 | 137 | 137.00 | 0 | 0 |
| Other Academic | 0 | 1 | 1 | 0 | 5 | 147 | 147.00 | 0 | 0 |
| Fine Arts - Classical Music | 0 | 1 | 1 | 0 | 5 | 86 | 86.00 | 0 | 0 |